| 000 | 00346nam a2200133Ia 4500 | ||
|---|---|---|---|
| 008 | 240624s9999 xx 000 0 und d | ||
| 041 | _aeng | ||
| 082 | _a339 MAL | ||
| 100 | _aMALHOTRA RAJEEV | ||
| 245 | _aCRITICAL DECADE POLICIES FOR INDIA S DEV | ||
| 260 |
_c2011 _aNew Delhi _bOxford University Press |
||
| 300 | _a336 : p. | ||
| 365 |
_cRS _b31 |
||
| 999 |
_c19831 _d19831 |
||